00531 2200193 4500001002100000005001500021035002000036245006400056100002100120250001000141300003700151700002100188260003900209082001100248084001700259020001800276600001800294504002500312INLIS00000000000004320221107101848 a0010-11220000431 aTeori ekonomi jilid 1 /cAlfred W. Stoner, Douglas C. Hague0 aAlfred W. Stoner acet.2 a441 hlm. :bilus. ;c20 x 14 cm.0 aDouglas C. Hague aJakarta :bGhalia Indonesia,c1999 a330-01 a330-01 ALF t a979-450-346-0 4aEkonomi-teori aBibliografi ;hlm.441